| 000 | 00493cam a2200169ua 4500 | ||
|---|---|---|---|
| 020 | _c350.00 | ||
| 041 |
_aeng _h |
||
| 082 |
_a630.7 _bBAH/AG |
||
| 100 | _aBahal, Ram . | ||
| 245 |
_aAgricultural research and extension systems: world wide study of human and financial resources / _cRam Bahal. _hTextual Documents |
||
| 260 |
_aNew Delhi : _bConcept Publishing Company , _c2004. |
||
| 300 |
_a197 ; _e`. |
||
| 365 | _a350.00 | ||
| 504 | _a | ||
| 942 | _cBK | ||
| 999 |
_c13069 _d13069 |
||